000 01003nam a2200289Ia 4500
005 20220317001019.0
008 160825s2002 ck a g 000 0 spa
020 _a97895830035012
100 1 _aRomán, Celso
_d1947-
245 1 4 _aLos amigos del hombre
_cCelso Román ; ilustrado por Alekos
250 _a1a. edición
_b6a. reimpresión
300 _a129 páginas
_bilustraciones en color
_c20 cm
490 _aLiteratura juvenil
650 1 4 _2LEMB
_aNovela juvenil Colombiana
_ySiglo XX
650 1 4 _2LEMB
_aLiteratura juvenil colombiana
_ySiglo XX
650 1 4 _2LEMB
_aAmistad en la literatura
650 1 4 _2LEMB
_aNiños en la literatura
650 1 4 _2LEMB
_aAnimales en la literatura
650 1 4 _2LEMB
_aNaturaleza En La Literatura
942 _2loc
_cBKLIT
264 _aBogotá
_bPanamericana
_c2002
336 _atexto
_btxt
_2rdacontent
337 _asin mediación
_bn
_2rdamedia
338 _avolumen
_bnc
_2rdacarrier
040 _aCO-BoRNBP
_bspa
_erda
_cCO-BoRNBP
084 _aN ROM1
999 _c5670
_d5670